| 000 | 00745nam a22001697a 4500 | ||
|---|---|---|---|
| 999 |
_c63486 _d63486 |
||
| 003 | Ge_BSU | ||
| 005 | 20251017192012.0 | ||
| 008 | 251017s1975 ge ||||| |||| 00| 0 geo d | ||
| 041 | _ageo | ||
| 080 | _a331.101.386 გ-46 | ||
| 100 |
_aგვიშიანი, ზურაბ _921018 |
||
| 245 |
_aსოციალისტური შეჯიბრება და მშრომელთა შემოქმედებითი აქტივობა / _cზურაბ გვიშიანი. |
||
| 264 |
_aთბილისი : _bსაბჭ. საქართველო, _c1975. |
||
| 300 |
_a66 გვ. ; _b19 სმ. |
||
| 653 | _aსოციალისტური შეჯიბრება | ||
| 942 |
_2udc _cBK |
||